Central Library OPAC University of Rajshahi

Economic theory and the developing countries / (Record no. 42633)

MARC details
000 -LEADER
fixed length control field 00827nam a2200289I 4500
001 - CONTROL NUMBER
control field 42633
003 - CONTROL NUMBER IDENTIFIER
rucl marc code (BD-RJUL)
005 - DATE AND TIME OF LATEST TRANSACTION
control field 20211209053552.0
008 - FIXED-LENGTH DATA ELEMENTS--GENERAL INFORMATION
fixed length control field 160614s1974 eng u
035 ## - SYSTEM CONTROL NUMBER
System control number (BD-RJUL) 42751
System control number (OCoLC)01347178
System control number GLIS00021214
040 ## - CATALOGING SOURCE
Transcribing agency GSU
Modifying agency MYG
Original cataloging agency BD-RjUL
Language of cataloging eng
041 ## - LANGUAGE CODE
Language code of text/sound track or separate title eng
082 ## - DEWEY DECIMAL CLASSIFICATION NUMBER
Edition number 23
Classification number 330.9
Author mark and year DAE 1974
090 ## - LOCALLY ASSIGNED LC-TYPE CALL NUMBER (OCLC); LOCAL CALL NUMBER (OCLC)
Classification number (OCLC) (R) ; Classification number, CALL (RLIN) (NR) HD82
Local cutter number (OCLC) ; Book number/undivided call number, CALL (RLIN) .D2
099 ## - LOCAL FREE-TEXT CALL NUMBER (OCLC)
Bangla Class number HD82.D2
100 1# - MAIN ENTRY--PERSONAL NAME
Personal name Dasgupta, Ajit K.
9 (RLIN) 131062
245 10 - TITLE STATEMENT
Title Economic theory and the developing countries /
Statement of responsibility, etc. Ajit K. Dasgupta.
260 ## - PUBLICATION, DISTRIBUTION, ETC. (IMPRINT)
Place of publication, distribution, etc. New York :
Name of publisher, distributor, etc. St. Martin's Press,
Date of publication, distribution, etc. 1974.
300 ## - PHYSICAL DESCRIPTION
Pagination vii, 132 p. ;
Size 22 cm.
500 ## - GENERAL NOTE
General note Includes index.
504 ## - BIBLIOGRAPHY, ETC. NOTE
Bibliography, etc Bibliography: p. [120]-128.
650 #0 - SUBJECT ADDED ENTRY--TOPICAL TERM
Topical term or geographic name as entry element Economic development.
9 (RLIN) 131063
651 #0 - SUBJECT ADDED ENTRY--GEOGRAPHIC NAME
Geographic name Developing countries.
9 (RLIN) 131064
942 ## - ADDED ENTRY ELEMENTS (KOHA)
Source of classification or shelving scheme Dewey Decimal Classification
Koha item type Books
Holdings
Lost status Source of classification or shelving scheme Damaged status Not for loan Collection code Permanent Location Current Location Shelving location Date acquired Source of acquisition Cost, normal purchase price Total Checkouts Full call number Date last seen Copy number Koha item type
  Dewey Decimal Classification     Non-fiction Central Library, University of Rajshahi Central Library, University of Rajshahi   09/10/1979 Heffer 2.50   330.9 DAE 1974 14/06/2016 C-2 Books
  Dewey Decimal Classification     Non-fiction Central Library, University of Rajshahi Central Library, University of Rajshahi   09/10/1979 Heffer 2.50   330.9 DAE 1974 14/06/2016 C-3 Books